Statistics for IFFHS World's Best Football Team Per Year

Click here to take the quiz!

General Stats

  • This quiz has been taken 62 times
    (12 since last reset)
  • The average score is 25 of 29

Answer Stats

Year FIFA Country Team % Correct
2019EnglandLiverpool
92%
2018SpainAtletico Madrid
92%
2017SpainReal Madrid
92%
2015SpainBarcelona
92%
2013GermanyBayern Munich
92%
2010ItalyInternazionale
92%
2008EnglandManchester United
92%
2004SpainValencia
92%
2003ItalyMilan
83%
1996ItalyJuventus
83%
1992NetherlandsAjax
83%
1994FrancePSG
75%
2007SpainSevilla
67%
1991ItalyRoma
67%
2016ColombiaAtletico Nacional
17%

Score Distribution

Percentile by Number Answered

Percent of People with Each Score

Your Score History

You have not taken this quiz since the last reset